000 00653nam a2200133Ia 4500
008 220615s9999||||xx |||||||||||||| ||und||
022 _a23658029
100 _aJoos, Jochen
245 0 _aMicrostructural Characterisation, Modelling and Simulation of Solid Oxide Fuel Cell Cathodes
546 _aEnglish[eng]
650 _aTomographie||Solid Oxide Fuel Cell||3D Reconstruction||3D Rekonstruktion||Microstructure Modelling||Microstructural Characterisation||focused ion beam (FIB) tomography||Mikrostrukturelle Charakterisierung||Hochtemperatur-Brennstoffzelle||Mikrostrukturmodellierung
856 _uhttps://www.ksp.kit.edu/9783731506256
942 _cEB
999 _c16027
_d16027